00327nam a2200133Ia 4500008004100000020001500041041001200056082001600068100001500084245003900099260003500138300000800173650001200181221030s9999 xx 000 0 und d a8129705206 aEnglish a105.23bNai aP. V. Naik 0aEngineering Physicscby P. V. Naik bPearson EducationaDelhic2004 a288 aPhysics